| 000 | 00643nam a22001937a 4500 | ||
|---|---|---|---|
| 005 | 20100730112746.0 | ||
| 010 | _aENG-97159 | ||
| 020 |
_a9789380348100 _c595.00 |
||
| 035 | _aEN-80692 | ||
| 037 | _bDBAD/PUB | ||
| 082 | _a921 | ||
| 100 |
_aPandian, I. D. _92491 |
||
| 245 |
_aAmitav Ghosh life and works / _cby I. D. Pandian |
||
| 260 |
_aKanpur _bBhasker Publications _c2009 |
||
| 270 |
_a73, Mangla Vihar-II, Behind Anoop Hospital _bKanpur _e208015 |
||
| 300 |
_a204p. _c22cm (Hb) |
||
| 942 |
_2ddc _cEN _h921 _mPAN |
||
| 999 |
_c38204 _d38204 |
||